The crisis and anticrisis dynamic: rebalancing the American federal system (Record no. 22166)

000 -LEADER
fixed length control field 00359pab a2200121 454500
008 - FIXED-LENGTH DATA ELEMENTS--GENERAL INFORMATION
fixed length control field 180718b xxu||||| |||| 00| 0 eng d
100 ## - MAIN ENTRY--PERSONAL NAME
Personal name Kee, James Edwin
245 ## - TITLE STATEMENT
Title The crisis and anticrisis dynamic: rebalancing the American federal system
650 ## - SUBJECT ADDED ENTRY--TOPICAL TERM
Topical term or geographic name entry element Federalism - U.S.A
700 ## - ADDED ENTRY--PERSONAL NAME
Personal name Shannon, John
773 ## - HOST ITEM ENTRY
Main entry heading Public Administration Review
909 ## -
-- 22166
Holdings
Withdrawn status Lost status Damaged status Not for loan Permanent Location Current Location Date acquired Serial Enumeration / chronology Barcode Date last seen Price effective from Koha item type
        Indian Institute of Public Administration Indian Institute of Public Administration 2018-07-19 Issue no: 52(4) Jul.-Aug.92, p.321-9 AR22235 2018-07-19 2018-07-19 Articles

Powered by Koha